[Event "34. Copenhagen Open (Politiken Cup)"]
[Site "Elsinore"]
[Date "2012.07.28"]
[Round "1"]
[White "Bratholm, Palle"]
[Black "Bratteteig, Tore Inge"]
[Result "1-0"]
[WhiteElo "2088"]
[BlackElo "1679"]
[PlyCount "79"]
[EventDate "2012.07.28"]
[EventType "swiss"]
[EventRounds "10"]
[EventCountry "DEN"]
[Source "ChessBase"]
[SourceDate "2012.08.24"]

1. e4 e5 2. Nf3 Nc6 3. Bb5 a6 4. Ba4 Nf6 5. O-O Bc5 6. c3 b5 7. Bc2 d6 8. h3
O-O 9. d4 Bb6 10. Bg5 h6 11. Bh4 Bb7 12. a4 Re8 13. Re1 Nb8 14. Qd3 c6 15. Nbd2
Nbd7 16. Bg3 Qc7 17. b4 a5 18. Rec1 Ba6 19. axb5 cxb5 20. Bb3 a4 21. Ba2 Rac8
22. c4 bxc4 23. Bxc4 Bxc4 24. Rxc4 Qa7 25. b5 Rxc4 26. Qxc4 Ra8 27. Qb4 Bc7 28.
Qb2 a3 29. Qc3 a2 30. dxe5 Nxe5 31. Nxe5 Ba5 32. Qc2 Bxd2 33. Qxd2 dxe5 34.
Bxe5 Nxe4 35. Qb2 f6 36. b6 Qb7 37. Bc7 Nc5 38. Rxa2 Na6 39. Qb5 Nxc7 40. bxc7
1-0

[Event "34. Copenhagen Open (Politiken Cup)"]
[Site "Elsinore"]
[Date "2012.07.28"]
[Round "1"]
[White "Madsen, Svend Aage"]
[Black "Franzen, Per Erik"]
[Result "0-1"]
[WhiteElo "2074"]
[BlackElo "2043"]
[PlyCount "78"]
[EventDate "2012.07.28"]
[EventType "swiss"]
[EventRounds "10"]
[EventCountry "DEN"]
[Source "ChessBase"]
[SourceDate "2012.08.24"]

1. d4 Nf6 2. Nf3 e6 3. Bg5 c5 4. Nbd2 cxd4 5. Nxd4 d5 6. e4 Be7 7. Bb5+ Bd7 8.
e5 Ng8 9. Bxe7 Nxe7 10. O-O Qb6 11. Bxd7+ Nxd7 12. N2b3 Nxe5 13. Qe2 Nc4 14. c3
O-O 15. Rab1 e5 16. Nf3 Ng6 17. Rfe1 Rfe8 18. Nfd2 Nd6 19. Qe3 Qxe3 20. Rxe3 f5
21. g3 Rad8 22. Rbe1 Kf7 23. Nc5 b6 24. Na6 Ne4 25. Nxe4 dxe4 26. f3 exf3 27.
Rxf3 f4 28. gxf4 Nxf4 29. Nb4 Rd6 30. Ree3 Kf6 31. Rf1 g5 32. Nd3 Kf5 33. Nxf4
gxf4 34. Rh3 Rg8+ 35. Kh1 h6 36. Rhf3 Rd2 37. R3f2 Rxf2 38. Rxf2 e4 39. Rg2 Rd8
0-1

[Event "34. Copenhagen Open (Politiken Cup)"]
[Site "Elsinore"]
[Date "2012.07.29"]
[Round "2"]
[White "Aagaard, Jacob"]
[Black "Elenius, Erik"]
[Result "1-0"]
[WhiteElo "2506"]
[BlackElo "2069"]
[PlyCount "61"]
[EventDate "2012.07.28"]
[EventType "swiss"]
[EventRounds "10"]
[EventCountry "DEN"]
[Source "ChessBase"]
[SourceDate "2012.08.24"]

1. d4 Nf6 2. c4 g6 3. Nc3 Bg7 4. Nf3 d6 5. Bg5 O-O 6. e3 c6 7. Be2 Re8 8. O-O
Nbd7 9. Qc2 a6 10. b4 h6 11. Bh4 e5 12. dxe5 dxe5 13. Rfd1 Qc7 14. Nd2 Nf8 15.
c5 Nd5 16. Nde4 Nxc3 17. Qxc3 Be6 18. Nd6 Reb8 19. a4 b6 20. cxb6 Qxb6 21. Rab1
a5 22. b5 cxb5 23. Rxb5 Qa7 24. Bg3 Nd7 25. h4 h5 26. Rdb1 Rxb5 27. Rxb5 Kh7
28. Ne4 f6 29. Qc6 Bf5 30. Rb7 Bxe4 31. Qxe4 1-0

[Event "34. Copenhagen Open (Politiken Cup)"]
[Site "Elsinore"]
[Date "2012.07.29"]
[Round "2"]
[White "Andersen, Daniel"]
[Black "Gade, Jens"]
[Result "1-0"]
[WhiteElo "1870"]
[BlackElo "1578"]
[PlyCount "86"]
[EventDate "2012.07.28"]
[EventType "swiss"]
[EventRounds "10"]
[EventCountry "DEN"]
[Source "ChessBase"]
[SourceDate "2012.08.24"]

1. c4 e5 2. Nc3 Nf6 3. Nf3 Nc6 4. e4 Bc5 5. Nxe5 Bxf2+ 6. Kxf2 Nxe5 7. d4 Neg4+
8. Kg1 d6 9. h3 Nh6 10. Bxh6 gxh6 11. Bd3 Qe7 12. Qf3 O-O 13. Kh2 c6 14. Rhf1
Ne8 15. e5 dxe5 16. Rae1 f6 17. Re4 Bd7 18. Qh5 Qg7 19. Rf3 Kh8 20. Rg3 Qf7 21.
Qxh6 Bf5 22. Rh4 Bxd3 23. Rxd3 Rd8 24. d5 Nd6 25. Rf3 c5 26. Rxf6 Qe7 27. Re6
Qc7 28. Ne4 Nf5 29. d6 Qf7 30. Ng5 Nxh6 31. Rexh6 Rd7 32. Nxf7+ Rfxf7 33. Re4
Rf2 34. Rxe5 Rxb2 35. Rxc5 Rb6 36. Rd5 Ra6 37. Re6 Kg8 38. c5 Kf7 39. Rde5 Rc6
40. Re7+ Rxe7 41. Rxe7+ Kf8 42. Rc7 Ke8 43. Rxc6 bxc6 1-0

[Event "34. Copenhagen Open (Politiken Cup)"]
[Site "Elsinore"]
[Date "2012.07.29"]
[Round "2"]
[White "Andersen, Finn"]
[Black "Ochsner, Bjorn Moller"]
[Result "0-1"]
[WhiteElo "2036"]
[BlackElo "2290"]
[PlyCount "70"]
[EventDate "2012.07.28"]
[EventType "swiss"]
[EventRounds "10"]
[EventCountry "DEN"]
[Source "ChessBase"]
[SourceDate "2012.08.24"]

1. e4 c5 2. Nc3 Nc6 3. g3 g6 4. Bg2 Bg7 5. d3 d6 6. Be3 Rb8 7. Qd2 b5 8. Nge2
e6 9. O-O Nd4 10. Nc1 Ne7 11. Nd1 Ndc6 12. Bh6 O-O 13. Bxg7 Kxg7 14. Ne3 e5 15.
c3 b4 16. Ne2 f6 17. f4 bxc3 18. bxc3 Qa5 19. Kh1 Ba6 20. Rac1 Qa3 21. Rc2 Bb5
22. Nc1 Na5 23. c4 Bd7 24. h4 Nac6 25. Rf2 Rb1 26. Kh2 Rfb8 27. Rc3 Qb4 28. Nc2
Qb2 29. Ne2 Nb4 30. Ng1 Qxa2 31. Ra3 Qxc2 32. Qxc2 Nxc2 33. Rxa7 Ne3 34. Re2
Ng4+ 35. Kh1 R8b7 0-1

[Event "34. Copenhagen Open (Politiken Cup)"]
[Site "Elsinore"]
[Date "2012.07.29"]
[Round "2"]
[White "Andersen, Morten"]
[Black "Molin, Claus"]
[Result "1/2-1/2"]
[WhiteElo "2181"]
[BlackElo "1993"]
[PlyCount "59"]
[EventDate "2012.07.28"]
[EventType "swiss"]
[EventRounds "10"]
[EventCountry "DEN"]
[Source "ChessBase"]
[SourceDate "2012.08.24"]

1. c4 Nf6 2. g3 g6 3. Nc3 Bg7 4. Bg2 O-O 5. e4 d6 6. Nge2 c5 7. O-O Nc6 8. d3
Ne8 9. Be3 Nd4 10. Rb1 a5 11. b3 Nc7 12. h3 Nce6 13. f4 Nxe2+ 14. Nxe2 Nd4 15.
f5 e6 16. g4 Qh4 17. Nxd4 cxd4 18. Bd2 Be5 19. Qe1 Qxe1 20. Bxe1 g5 21. Bd2 h6
22. Rf3 Kh7 23. Kf2 Bd7 24. a4 exf5 25. gxf5 f6 26. Ke2 Rg8 27. Rh1 b6 28. Rff1
Be8 29. Bf3 h5 30. Rfg1 1/2-1/2

[Event "34. Copenhagen Open (Politiken Cup)"]
[Site "Elsinore"]
[Date "2012.07.29"]
[Round "2"]
[White "Bjerke, Richard"]
[Black "Karlsson, Robin"]
[Result "0-1"]
[WhiteElo "2162"]
[BlackElo "1978"]
[PlyCount "80"]
[EventDate "2012.07.28"]
[EventType "swiss"]
[EventRounds "10"]
[EventCountry "DEN"]
[Source "ChessBase"]
[SourceDate "2012.08.24"]

1. d4 Nf6 2. c4 g6 3. Nc3 Bg7 4. e4 d6 5. f3 O-O 6. Nge2 Nc6 7. Be3 a6 8. Qd2
Rb8 9. Rc1 Bd7 10. Nd1 b5 11. cxb5 axb5 12. g3 e6 13. Bg2 Qc8 14. O-O b4 15. b3
Qa6 16. Nf2 Rfc8 17. Rc2 Na7 18. Rfc1 Bb5 19. Nf4 e5 20. dxe5 dxe5 21. Nd5 Nxd5
22. exd5 Be8 23. Rxc7 Rxc7 24. Rxc7 Nb5 25. Bf1 Qd6 26. Rc5 Nd4 27. Bxd4 exd4
28. Ne4 Qd8 29. d6 f5 30. Bc4+ Kh8 31. Ng5 Qxd6 32. Rd5 Qe7 33. Qf4 Qe1+ 34.
Kg2 Ra8 35. Qh4 h6 36. Nf7+ Bxf7 37. Rd8+ Rxd8 38. Qxd8+ Qe8 39. Qxe8+ Bxe8 40.
Kf2 Bc6 0-1

[Event "34. Copenhagen Open (Politiken Cup)"]
[Site "Elsinore"]
[Date "2012.07.29"]
[Round "2"]
[White "Bjorneboe, Kristian"]
[Black "Kyrkjebo, Eirik"]
[Result "1-0"]
[WhiteElo "1959"]
[BlackElo "1724"]
[PlyCount "35"]
[EventDate "2012.07.28"]
[EventType "swiss"]
[EventRounds "10"]
[EventCountry "DEN"]
[Source "ChessBase"]
[SourceDate "2012.08.24"]

1. d4 d5 2. Nf3 Nf6 3. e3 c6 4. Bd3 Nbd7 5. Nbd2 e5 6. dxe5 Ng4 7. e4 Ndxe5 8.
Be2 Bc5 9. O-O Qb6 10. Nxe5 Bxf2+ 11. Kh1 Ne3 12. Ndc4 dxc4 13. Bxe3 Qxe3 14.
Bxc4 O-O 15. Bxf7+ Rxf7 16. Nxf7 Kxf7 17. Qe1 Kg8 18. Qxf2 1-0

[Event "34. Copenhagen Open (Politiken Cup)"]
[Site "Elsinore"]
[Date "2012.07.29"]
[Round "2"]
[White "Bratteteig, Tore Inge"]
[Black "Rosell, Sven"]
[Result "0-1"]
[WhiteElo "1679"]
[BlackElo "1937"]
[PlyCount "50"]
[EventDate "2012.07.28"]
[EventType "swiss"]
[EventRounds "10"]
[EventCountry "DEN"]
[Source "ChessBase"]
[SourceDate "2012.08.24"]

1. d4 Nf6 2. c4 g6 3. Nf3 Bg7 4. g3 O-O 5. Nc3 d6 6. Bg2 Nbd7 7. e4 e5 8. O-O
a6 9. h3 b5 10. cxb5 axb5 11. b4 c6 12. dxe5 dxe5 13. a4 Qe7 14. Qb3 Nb6 15.
Be3 Be6 16. Qb1 Nfd7 17. a5 Nc4 18. Bg5 f6 19. Bc1 Rfd8 20. Nd2 Bf8 21. Na2
Nxd2 22. Bxd2 Nc5 23. Rd1 Nb3 24. Be3 Nxa1 25. Qxa1 Rxd1+ 0-1

[Event "34. Copenhagen Open (Politiken Cup)"]
[Site "Elsinore"]
[Date "2012.07.29"]
[Round "2"]
[White "Bremer, Erik"]
[Black "Sjol, Henrik"]
[Result "0-1"]
[WhiteElo "1547"]
[BlackElo "1878"]
[PlyCount "74"]
[EventDate "2012.07.28"]
[EventType "swiss"]
[EventRounds "10"]
[EventCountry "DEN"]
[Source "ChessBase"]
[SourceDate "2012.08.24"]

1. e4 c6 2. d4 d5 3. Nc3 dxe4 4. Nxe4 Bf5 5. Ng3 Bg6 6. Nf3 Nd7 7. Bd3 Bxd3 8.
Qxd3 e6 9. Bd2 Qc7 10. c4 Ngf6 11. Bc3 c5 12. d5 exd5 13. cxd5 O-O-O 14. Rc1
Re8+ 15. Ne2 Kb8 16. O-O Bd6 17. h3 Rhg8 18. Bd2 Ne4 19. Ned4 a6 20. Nf5 Nxd2
21. Nxd6 Qxd6 22. Qxd2 Nf6 23. Ng5 Ne4 24. Nxe4 Rxe4 25. Rfe1 Rd4 26. Qc3 Rxd5
27. Qf3 f6 28. Qg4 Rg5 29. Qf3 Qd5 30. Qf4+ Ka8 31. g3 Rf5 32. Qe3 Re5 33. Qa3
Rxe1+ 34. Rxe1 Rd8 35. Re7 Qc6 36. Rxg7 Rd1+ 37. Kh2 Rh1# 0-1

[Event "34. Copenhagen Open (Politiken Cup)"]
[Site "Elsinore"]
[Date "2012.07.29"]
[Round "2"]
[White "Brynell, Stellan"]
[Black "Schmied, Andreas"]
[Result "1-0"]
[WhiteElo "2498"]
[BlackElo "2067"]
[PlyCount "89"]
[EventDate "2012.07.28"]
[EventType "swiss"]
[EventRounds "10"]
[EventCountry "DEN"]
[Source "ChessBase"]
[SourceDate "2012.08.24"]

1. d4 Nf6 2. c4 g6 3. Nc3 d5 4. Nf3 Bg7 5. e3 O-O 6. Qb3 e6 7. Bd2 c5 8. dxc5
Na6 9. Qa3 Bd7 10. cxd5 exd5 11. Rc1 Rc8 12. b4 Bg4 13. Nd4 Ne4 14. Nxe4 dxe4
15. Bc3 Nc7 16. h3 Bd7 17. Qxa7 Nd5 18. Bd2 Bxd4 19. exd4 e3 20. fxe3 Qh4+ 21.
Kd1 Ra8 22. Qxb7 Ba4+ 23. Ke2 Qe4 24. Kf2 Rfb8 25. c6 Rxb7 26. cxb7 Qf5+ 27.
Kg1 Rb8 28. Rc8+ Rxc8 29. e4 Qd7 30. bxc8=Q+ Qxc8 31. exd5 Qc2 32. Bf4 Qe4 33.
Bg3 Qxd4+ 34. Kh2 f5 35. Be2 f4 36. Be1 Qxd5 37. a3 Qb3 38. Bf3 Qxa3 39. Bd2
Bb3 40. Rc1 g5 41. Rc8+ Kf7 42. b5 Qd6 43. Ba5 Be6 44. Rc7+ Kg6 45. Be4+ 1-0

[Event "34. Copenhagen Open (Politiken Cup)"]
[Site "Elsinore"]
[Date "2012.07.29"]
[Round "2"]
[White "Buchal, Stephan"]
[Black "Maagaard, David Bille"]
[Result "1-0"]
[WhiteElo "2320"]
[BlackElo "1843"]
[PlyCount "73"]
[EventDate "2012.07.28"]
[EventType "swiss"]
[EventRounds "10"]
[EventCountry "DEN"]
[Source "ChessBase"]
[SourceDate "2012.08.24"]

1. e4 e5 2. Nc3 Nf6 3. g3 c6 4. Nf3 d6 5. Bg2 Be7 6. O-O h6 7. d4 Bg4 8. Be3
Nbd7 9. h3 Bh5 10. g4 Bg6 11. Nh4 Nxe4 12. Nxg6 Nxc3 13. bxc3 fxg6 14. Qd3 Nf8
15. Be4 Bf6 16. Bxg6+ Nxg6 17. Qxg6+ Kd7 18. Rab1 Kc7 19. Qf7+ Qe7 20. Qxe7+
Bxe7 21. dxe5 dxe5 22. f4 e4 23. f5 Rhe8 24. Bf4+ Kc8 25. Kg2 Bf6 26. c4 b6 27.
Rbd1 c5 28. Rd6 Kb7 29. Rfd1 Bd4 30. Re1 Be5 31. Bxe5 Rxe5 32. Rd7+ Ka6 33.
Rxg7 Rd8 34. Re2 Rd4 35. Rg6 h5 36. Re6 hxg4 37. Rxe5 1-0

[Event "34. Copenhagen Open (Politiken Cup)"]
[Site "Elsinore"]
[Date "2012.07.29"]
[Round "2"]
[White "Caceres, Cipriano Sande"]
[Black "Nielsen, Aage Sondergaard"]
[Result "0-1"]
[WhiteElo "1709"]
[BlackElo "1957"]
[PlyCount "102"]
[EventDate "2012.07.28"]
[EventType "swiss"]
[EventRounds "10"]
[EventCountry "DEN"]
[Source "ChessBase"]
[SourceDate "2012.08.24"]

1. c4 e5 2. Nc3 Nc6 3. Nf3 d6 4. e3 Nf6 5. d4 Bg4 6. Be2 Be7 7. d5 Nb8 8. e4
Nbd7 9. h3 Bxf3 10. Bxf3 c6 11. O-O O-O 12. Be2 cxd5 13. cxd5 Nc5 14. Bf3 Rc8
15. Qe2 a6 16. Bd2 h6 17. g4 Nh7 18. Rac1 Bg5 19. Bg2 Re8 20. Rc2 Qf6 21. Rfc1
Nd7 22. Nd1 Rxc2 23. Rxc2 Bxd2 24. Qxd2 Ng5 25. Qe2 g6 26. Rc7 Nc5 27. b4 Qd8
28. Rxc5 dxc5 29. bxc5 Qa5 30. h4 Nh7 31. Qc2 Rc8 32. Ne3 Qxc5 33. Qxc5 Rxc5
34. h5 Kf8 35. f3 Ke7 36. Kf2 Nf6 37. hxg6 fxg6 38. Bf1 b5 39. a4 Nd7 40. axb5
axb5 41. Ke2 Nb6 42. Ng2 b4 43. f4 b3 44. Kd2 Rc2+ 45. Kd1 Rf2 46. Ne3 exf4 47.
d6+ Kd8 48. Bc4 fxe3 49. Bxb3 Nd7 50. Bc4 Ne5 51. Be2 Kd7 0-1

[Event "34. Copenhagen Open (Politiken Cup)"]
[Site "Elsinore"]
[Date "2012.07.29"]
[Round "2"]
[White "Cheparinov, Ivan"]
[Black "Inhoven, Stefan"]
[Result "1-0"]
[WhiteElo "2677"]
[BlackElo "2140"]
[PlyCount "71"]
[EventDate "2012.07.28"]
[EventType "swiss"]
[EventRounds "10"]
[EventCountry "DEN"]
[Source "ChessBase"]
[SourceDate "2012.08.24"]

1. d4 e6 2. c4 Bb4+ 3. Bd2 Bxd2+ 4. Qxd2 f5 5. Nc3 Nf6 6. g3 O-O 7. Bg2 d6 8.
Nf3 Qe7 9. O-O c6 10. Rfe1 Nbd7 11. e4 fxe4 12. Nxe4 Nxe4 13. Rxe4 Rf6 14. Rae1
h6 15. R4e3 Nf8 16. Qc3 b6 17. Nd2 Bb7 18. Ne4 Rf7 19. c5 d5 20. Nd6 Rf6 21. f4
Rd8 22. Qa3 bxc5 23. dxc5 Bc8 24. f5 Qc7 25. Bh3 exf5 26. Re7 Bd7 27. Nxf5 Ne6
28. Nxh6+ Kf8 29. R1xe6 Bxe6 30. Rxc7 Bxh3 31. Rf7+ Rxf7 32. Nxf7 Kxf7 33. Qf3+
Ke7 34. g4 Rh8 35. Qg3 Rh6 36. g5 1-0

[Event "34. Copenhagen Open (Politiken Cup)"]
[Site "Elsinore"]
[Date "2012.07.29"]
[Round "2"]
[White "Cherednichenko, Svetlana"]
[Black "Kyrkjebo, Erlend"]
[Result "1-0"]
[WhiteElo "2293"]
[BlackElo "2035"]
[PlyCount "61"]
[EventDate "2012.07.28"]
[EventType "swiss"]
[EventRounds "10"]
[EventCountry "DEN"]
[Source "ChessBase"]
[SourceDate "2012.08.24"]

1. d4 Nf6 2. Nf3 e6 3. e3 c5 4. Bd3 b6 5. O-O Bb7 6. b3 cxd4 7. exd4 d6 8. c4
Nbd7 9. Bb2 Be7 10. Re1 O-O 11. Nbd2 Rc8 12. Ng5 Qc7 13. Re3 h6 14. Nh3 d5 15.
Rc1 Qb8 16. Nf1 Bd6 17. Ng3 Rfd8 18. Qe2 Qa8 19. f4 dxc4 20. bxc4 Nf8 21. Kh1
g6 22. d5 N6d7 23. Ne4 Bc5 24. Nxc5 Nxc5 25. f5 Nxd3 26. Qxd3 Bxd5 27. Qc3
Bxg2+ 28. Kg1 f6 29. Qxf6 Rd7 30. Qh8+ Kf7 31. fxe6+ 1-0

[Event "34. Copenhagen Open (Politiken Cup)"]
[Site "Elsinore"]
[Date "2012.07.29"]
[Round "2"]
[White "Christensen, Casper"]
[Black "Klings, Peter"]
[Result "0-1"]
[WhiteElo "1985"]
[BlackElo "2178"]
[PlyCount "54"]
[EventDate "2012.07.28"]
[EventType "swiss"]
[EventRounds "10"]
[EventCountry "DEN"]
[Source "ChessBase"]
[SourceDate "2012.08.24"]

1. e4 g6 2. d4 Bg7 3. c3 a6 4. Bf4 d5 5. e5 c5 6. Ne2 Nc6 7. Nd2 Bf5 8. Nf3 Bg4
9. Qd3 Qb6 10. b3 Bxf3 11. gxf3 cxd4 12. cxd4 e6 13. Bd2 Rc8 14. Rc1 Bf8 15.
Bc3 Ba3 16. Rb1 Nb4 17. Qd2 Ne7 18. Bh3 Kd7 19. O-O h5 20. Kh1 Rc7 21. Rg1 Kc8
22. Bb2 Qa5 23. Bxa3 Qxa3 24. Rb2 Kb8 25. Nc3 Nbc6 26. Nb1 Qb4 27. Qd3 Qxd4 0-1

[Event "34. Copenhagen Open (Politiken Cup)"]
[Site "Elsinore"]
[Date "2012.07.29"]
[Round "2"]
[White "Christenson, Bjorn Aa"]
[Black "Hedman, Erik"]
[Result "0-1"]
[WhiteElo "1888"]
[BlackElo "2381"]
[PlyCount "88"]
[EventDate "2012.07.28"]
[EventType "swiss"]
[EventRounds "10"]
[EventCountry "DEN"]
[Source "ChessBase"]
[SourceDate "2012.08.24"]

1. e4 c5 2. Nf3 d6 3. d4 cxd4 4. Nxd4 Nf6 5. Nc3 a6 6. Bg5 Nbd7 7. f4 Qb6 8.
Qd2 e5 9. Nb3 h6 10. Bh4 Be7 11. Bf2 Qc7 12. Be2 O-O 13. O-O-O b5 14. Bf3 Nb6
15. Bxb6 Qxb6 16. fxe5 dxe5 17. Nd5 Nxd5 18. Qxd5 Be6 19. Qxe5 Rfc8 20. Kb1 a5
21. Qd4 Qc7 22. e5 a4 23. Na1 Rab8 24. c3 b4 25. c4 Bxc4 26. Bd5 Bxd5 27. Qxd5
Qb6 28. Rhf1 Qg6+ 29. Qd3 Qxg2 30. Rd2 Qg4 31. h3 Qe6 32. Nc2 Bc5 33. Ne3 Qxh3
34. Nd5 Qxd3+ 35. Rxd3 Re8 36. Rg3 Kf8 37. Rgf3 Rb7 38. Rf5 Bd4 39. Re1 g6 40.
Rf4 Rxe5 41. Rxe5 Bxe5 42. Rxb4 Rxb4 43. Nxb4 h5 44. Nd3 Bg3 0-1

[Event "34. Copenhagen Open (Politiken Cup)"]
[Site "Elsinore"]
[Date "2012.07.29"]
[Round "2"]
[White "Clementsson, Jan"]
[Black "Burmakin, Vladimir"]
[Result "0-1"]
[WhiteElo "2115"]
[BlackElo "2590"]
[PlyCount "80"]
[EventDate "2012.07.28"]
[EventType "swiss"]
[EventRounds "10"]
[EventCountry "DEN"]
[Source "ChessBase"]
[SourceDate "2012.08.24"]

1. e4 c6 2. d4 d5 3. Nc3 g6 4. Nf3 Bg7 5. h3 Nh6 6. e5 f6 7. exf6 exf6 8. Bf4
O-O 9. Qd2 Re8+ 10. Be2 Nf7 11. O-O-O Nd7 12. h4 Nf8 13. Rde1 b5 14. Bd3 Rxe1+
15. Rxe1 a5 16. Kb1 Be6 17. Qe3 Qb6 18. Ne2 b4 19. Ng3 a4 20. Qc1 a3 21. b3 Bg4
22. Be3 Bxf3 23. gxf3 f5 24. Bxf5 Bxd4 25. Bd3 Qc5 26. Ne2 Bxe3 27. fxe3 Re8
28. e4 Ne5 29. Rf1 Qd6 30. h5 Qf6 31. Nf4 g5 32. Ne2 Nxf3 33. Rxf3 Qxf3 34.
Qxg5+ Kh8 35. h6 Qf1+ 36. Nc1 Qf7 37. exd5 cxd5 38. Qh4 Qe7 39. Qd4+ Qe5 40.
Qxe5+ Rxe5 0-1

[Event "34. Copenhagen Open (Politiken Cup)"]
[Site "Elsinore"]
[Date "2012.07.29"]
[Round "2"]
[White "Franzen, Per Erik"]
[Black "Aabling Thomsen, Jakob"]
[Result "0-1"]
[WhiteElo "2043"]
[BlackElo "2331"]
[PlyCount "86"]
[EventDate "2012.07.28"]
[EventType "swiss"]
[EventRounds "10"]
[EventCountry "DEN"]
[Source "ChessBase"]
[SourceDate "2012.08.24"]

1. d4 Nf6 2. Nf3 g6 3. c4 Bg7 4. Nc3 d5 5. cxd5 Nxd5 6. e4 Nxc3 7. bxc3 c5 8.
Rb1 O-O 9. Be2 b6 10. O-O Bb7 11. Qd3 Qc7 12. Bg5 e6 13. Qe3 Qc6 14. Be7 Rc8
15. dxc5 Qxe4 16. cxb6 axb6 17. Qxb6 Bc6 18. Bd1 Nd7 19. Qb4 Rxa2 20. Bb3 Raa8
21. Rfe1 Qxb4 22. cxb4 Bxf3 23. gxf3 Ne5 24. Kg2 Nd3 25. Re4 Rc7 26. Bg5 Rb8
27. Bc4 Nb2 28. Ba6 Rc2 29. b5 h6 30. Bc1 Nc4 31. b6 Rxb6 32. Rxb6 Nxb6 33. Bf4
g5 34. Bb8 Nd7 35. Rb4 Bf8 36. Rb1 Nxb8 37. Rxb8 Kg7 38. Rc8 Ra2 39. Bb5 Bb4
40. Rc1 Bd2 41. Rc8 Be3 42. Rc7 Rxf2+ 43. Kg3 Rb2 0-1

[Event "34. Copenhagen Open (Politiken Cup)"]
[Site "Elsinore"]
[Date "2012.07.29"]
[Round "2"]
[White "Gebhardt, Ulrich"]
[Black "Larsen, Ulrik Jejlskov"]
[Result "1-0"]
[WhiteElo "2222"]
[BlackElo "2010"]
[PlyCount "31"]
[EventDate "2012.07.28"]
[EventType "swiss"]
[EventRounds "10"]
[EventCountry "DEN"]
[Source "ChessBase"]
[SourceDate "2012.08.24"]

1. d4 d5 2. c4 e6 3. Nc3 c5 4. cxd5 exd5 5. Nf3 Nc6 6. Bg5 Be7 7. Bxe7 Ngxe7 8.
e3 c4 9. Be2 O-O 10. O-O Bf5 11. Ne5 Re8 12. b3 cxb3 13. Qxb3 Rc8 14. Nxc6 Nxc6
15. Rac1 Na5 16. Qxd5 1-0

[Event "34. Copenhagen Open (Politiken Cup)"]
[Site "Elsinore"]
[Date "2012.07.29"]
[Round "2"]
[White "Grand, Hans Henrik"]
[Black "Randlov, Carsten"]
[Result "1-0"]
[WhiteElo "2144"]
[BlackElo "1860"]
[PlyCount "81"]
[EventDate "2012.07.28"]
[EventType "swiss"]
[EventRounds "10"]
[EventCountry "DEN"]
[Source "ChessBase"]
[SourceDate "2012.08.24"]

1. c4 Nf6 2. g3 c5 3. Bg2 Nc6 4. Nc3 g6 5. e4 Bg7 6. Nge2 O-O 7. O-O d6 8. h3
a6 9. f4 e6 10. d3 Rb8 11. Be3 Qe7 12. Rc1 Bd7 13. d4 cxd4 14. Nxd4 Nxd4 15.
Bxd4 Bc6 16. Qd2 Rfd8 17. Bb6 Rd7 18. Qe3 Bh6 19. g4 Bg7 20. b4 Ne8 21. Rfd1 f5
22. b5 axb5 23. cxb5 Bxe4 24. Nxe4 fxe4 25. Bxe4 d5 26. Bg2 Nd6 27. Bf1 Qf7 28.
Re1 Re8 29. a4 Ne4 30. Bd3 Nd6 31. a5 Nc8 32. Bc5 Qf6 33. a6 bxa6 34. bxa6 Qf7
35. Bb5 Rde7 36. Bxe7 Rxe7 37. Rxc8+ Bf8 38. Qe5 h6 39. Rec1 Kh7 40. R8c7 Bg7
41. Rxe7 1-0

[Event "34. Copenhagen Open (Politiken Cup)"]
[Site "Elsinore"]
[Date "2012.07.29"]
[Round "2"]
[White "Hansen, Herluf"]
[Black "Portisch, Lajos"]
[Result "0-1"]
[WhiteElo "2079"]
[BlackElo "2520"]
[PlyCount "74"]
[EventDate "2012.07.28"]
[EventType "swiss"]
[EventRounds "10"]
[EventCountry "DEN"]
[Source "ChessBase"]
[SourceDate "2012.08.24"]

1. d4 Nf6 2. c4 e6 3. Nc3 Bb4 4. e3 O-O 5. Nge2 d5 6. a3 Be7 7. Nf4 c6 8. Bd3
Nbd7 9. cxd5 exd5 10. O-O a5 11. Bc2 Re8 12. f3 Nf8 13. g4 b6 14. Rf2 Bd6 15.
Rg2 Bb7 16. e4 dxe4 17. fxe4 c5 18. d5 Ba6 19. Bd2 b5 20. Qf3 b4 21. Nd1 Ng6
22. Nxg6 hxg6 23. Nf2 Nd7 24. Ba4 Ne5 25. Qd1 Rf8 26. axb4 axb4 27. b3 Qb6 28.
Be3 Bb5 29. Bxb5 Qxb5 30. Rc1 Ra2 31. Nh3 Rfa8 32. Rgc2 Qd3 33. Qxd3 Nxd3 34.
Rxa2 Rxa2 35. Rd1 Ne5 36. Ng5 Nxg4 37. Bd2 Rb2 0-1

[Event "34. Copenhagen Open (Politiken Cup)"]
[Site "Elsinore"]
[Date "2012.07.29"]
[Round "2"]
[White "Hansen, Mads"]
[Black "Jensen, Morten Frank"]
[Result "1/2-1/2"]
[WhiteElo "2341"]
[BlackElo "2037"]
[PlyCount "64"]
[EventDate "2012.07.28"]
[EventType "swiss"]
[EventRounds "10"]
[EventCountry "DEN"]
[Source "ChessBase"]
[SourceDate "2012.08.24"]

1. e4 g6 2. d4 Bg7 3. Nf3 c5 4. Nc3 Qa5 5. Be2 Nc6 6. d5 Nd4 7. O-O Nxe2+ 8.
Qxe2 d6 9. e5 dxe5 10. Nxe5 Nf6 11. Bg5 O-O 12. Rad1 Qb4 13. Nd3 Qc4 14. Qxe7
Nxd5 15. Nxd5 Qxd5 16. Nxc5 Qxa2 17. Bf6 Bxf6 18. Qxf6 Qc4 19. Nb3 Qxc2 20. Nd4
Qxb2 21. Rb1 Qa2 22. h4 h5 23. Rfe1 a5 24. Rxb7 Bxb7 25. Nf5 gxf5 26. Qg5+ Kh8
27. Qxh5+ Kg7 28. Qg5+ Kh8 29. Qf6+ Kh7 30. Qxf5+ Kg8 31. Qg5+ Kh7 32. Qf5+ Kg8
1/2-1/2

[Event "34. Copenhagen Open (Politiken Cup)"]
[Site "Elsinore"]
[Date "2012.07.29"]
[Round "2"]
[White "Hansen, Rasmus Agertoft"]
[Black "Ananthan, Arunn"]
[Result "1/2-1/2"]
[WhiteElo "1946"]
[BlackElo "1696"]
[PlyCount "97"]
[EventDate "2012.07.28"]
[EventType "swiss"]
[EventRounds "10"]
[EventCountry "DEN"]
[Source "ChessBase"]
[SourceDate "2012.08.24"]

1. d4 d5 2. c4 e6 3. Nc3 Nc6 4. Nf3 Nf6 5. e3 Be7 6. a3 O-O 7. c5 a5 8. Bd2 Ne4
9. Bb5 Bd7 10. O-O Bf6 11. Qc2 Nxc3 12. Bxc3 Re8 13. Bd3 h6 14. Rad1 Kh8 15. e4
dxe4 16. Bxe4 Rb8 17. Rfe1 Ne7 18. Bxa5 Nd5 19. Bxd5 exd5 20. Rxe8+ Bxe8 21.
Ne5 b6 22. cxb6 cxb6 23. Bc3 Rc8 24. Qf5 Bxe5 25. Qxe5 Ba4 26. Rd3 Qg5 27. Re3
Re8 28. Qxg5 hxg5 29. Rxe8+ Bxe8 30. b3 Bb5 31. a4 Bd3 32. a5 bxa5 33. Bxa5 Kh7
34. f3 f5 35. Kf2 f4 36. Bd8 Kg6 37. b4 Kf5 38. g4+ fxg3+ 39. hxg3 g4 40. fxg4+
Kxg4 41. Bc7 Bb5 42. Ke3 g6 43. Bf4 Bc6 44. Be5 Bb5 45. Kd2 Kf3 46. Kc3 g5 47.
Bf6 g4 48. Be5 Ke2 49. Bf4 1/2-1/2

[Event "34. Copenhagen Open (Politiken Cup)"]
[Site "Elsinore"]
[Date "2012.07.29"]
[Round "2"]
[White "Hansen, Tommy"]
[Black "Madsen, Svend Aage"]
[Result "0-1"]
[WhiteElo "1856"]
[BlackElo "2074"]
[PlyCount "44"]
[EventDate "2012.07.28"]
[EventType "swiss"]
[EventRounds "10"]
[EventCountry "DEN"]
[Source "ChessBase"]
[SourceDate "2012.08.24"]

1. d4 d5 2. Nc3 Nf6 3. Bg5 e6 4. e4 dxe4 5. Nxe4 Be7 6. Bxf6 Bxf6 7. Nf3 O-O 8.
Bd3 Bxd4 9. Neg5 h6 10. Nxf7 Kxf7 11. Nxd4 Qf6 12. O-O Bd7 13. c3 Kg8 14. Qe2
Nc6 15. Nf3 Rad8 16. Rad1 e5 17. Qe4 Bf5 18. Bc4+ Kh8 19. Qe3 Bg4 20. Rxd8 Rxd8
21. Nd2 Qf4 22. Nb3 Qxc4 0-1